00443nam a2200169 a 45000010005000000030009000050080041000140400028000550820015000831000020000982450031001182600039001493000020001886500024002086500017002326500024002499842CO-ViMGA141112s2004 ck r 000 u spa d aCO-ViMGAbspacCO-ViMGA04a575.5 T1111 aTahta ; Sophy, 10aAdónde van los Residuos? aBuenos Aires : bLa fragua, c1992 a24p. : il color14aELIMINANDO RESIDUOS14aPUTREFACCION14aRESIDUOS PELIGROSOS